000
00188 a2200097 4500
001
11376
100
_a
Nil
245
_a
The tehran yalta
260
_a
_b
Progress
_c
090
_c
8924
_d
8924
942
_a
NUST-CAE
_c
M
_c
35738
999
_c
246449
_d
246449